| 000 | 00480nam a22001697a 4500 | ||
|---|---|---|---|
| 005 | 20131015164519.0 | ||
| 010 | _aG-2239 | ||
| 020 | _c500.00 | ||
| 035 | _aG-2239 | ||
| 037 | _aDPL | ||
| 245 |
_aMujabid-e-Tibb _bHakim Mohammed Abdur Razzack/ |
||
| 260 |
_aN.Delhi _bHakim Mohammed Abdur Razzack |
||
| 270 |
_aC-1 GF.,Nizamuddin East, _bNew Delhi |
||
| 300 |
_avp _bcol.ill _c24cm(pbk) |
||
| 942 |
_2ddc _cEN _e2010 _h920 _mMUJ |
||
| 999 |
_c80049 _d80049 |
||